| 000 | 00735nam a2200241 a 4500 | ||
|---|---|---|---|
| 001 | BRCA_4974 | ||
| 005 | 20190320204902.0 | ||
| 008 | 261010s1954----enka######---#000-0#eng-# | ||
| 041 | _aeng | ||
| 044 | _aenk | ||
| 050 | 4 |
_aNB193 _b.M65 1954 |
|
| 100 | 1 |
_aMolesworth, Hender Delves _912658 |
|
| 245 | 1 | 0 |
_aBaroque, Rococo & Neo-Classical Sculpture _cby H. D. Molesworth. |
| 260 |
_aLondres _bVictoria and Albert Museum : Her Majesty´s Stationery Office _c1954 |
||
| 300 |
_aVIII _bil., 48 láminas _c28 cm. |
||
| 500 | _aIncluye notas de las láminas | ||
| 500 | _aDD17 | ||
| 650 | 1 | 4 |
_aEscultura barroca _97867 |
| 650 | 1 | 4 |
_aEscultura rococó _912659 |
| 650 | 1 | 4 |
_aEscultura neoclásica _912660 |
| 902 | _aGFM | ||
| 942 |
_2lcc _cB |
||
| 999 |
_c4668 _d4668 |
||